Fernandos Business Ethics and Corporate Governance 3/e

محفوظ في:
التفاصيل البيبلوغرافية
المؤلف الرئيسي: Muralidharan
التنسيق: كتاب
منشور في: Pearson
الوسوم: إضافة وسم
لا توجد وسوم, كن أول من يضع وسما على هذه التسجيلة!

MARC

LEADER 00000nam a2200000Ia 4500
005 20260513122049.0
020 |a 9789354497636 
100 |a Muralidharan 
365 |c Rs. 
365 |b 25.00 
942 |c BK 
245 |a Fernandos Business Ethics and Corporate Governance 3/e 
260 |b Pearson 
999 |c 19  |d 19 
952 |0 0  |1 0  |4 0  |7 0  |a UNSW  |b UNSW  |d 2026-05-06  |g 780.00  |i 16681  |l 0  |p 000064  |r 2026-05-13 12:20:49  |v 780.00  |w 2026-05-13  |y BK